LEADER 00889nam0-2200313---450- 001 990009913280403321 005 20141105131135.0 035 $a000991328 035 $aFED01000991328 035 $a(Aleph)000991328FED01 035 $a000991328 100 $a20141105d1884----km-y0itay50------ba 101 0 $aita 102 $aIT 105 $ay-------001yy 200 1 $aGaribaldi$fFrancesco Crispi 210 $aRoma$cStab. tip. Italiano$d1884 215 $a49 p.$d19 cm 300 $aEstr. da : Profilo tratto dalla Nuova antologia, giugno 1882 606 1 $aGaribaldi, Giuseppe - Commemorazioni 676 $a945.08092 700 1$aCrispi,$bFrancesco$f<1818-1901>$0137237 801 0$aIT$bUNINA$gRICA$2UNIMARC 901 $aBK 912 $a990009913280403321 952 $aSG 900/B 142 (2)$bR.Bibl. s.i.$fFLFBC 959 $aFLFBC 996 $aGaribaldi$9831042 997 $aUNINA